Villes de France en V - Statistiques

Statistiques générales
  • Ce quiz a été pris 156 fois
  • Le résultat moyen est 8 sur 15
Statistiques - réponses
Indices Villes % Correct
Plus grande ville de la banlieue lyonnaise. Villeurbanne
91%
Préfecture de la Drôme, homonyme d'une grade ville espagnole. Valence
89%
Préfecture des Yvelines, avec un château construit par Louis XIV. Versailles
87%
Préfecture du Morbihan, synonyme de "blagues". Vannes
83%
Ville de la Meuse, où la plus célèbre bataille de la Première Guerre Mondiale s'est déroulée. Verdun
73%
Ville chantée par Brel, préfecture de la Huate-Saône. Vesoul
69%
Ville Nordiste, contenant le plus de statues au mètre carré, surnommé l'Athènes du Nord. Valenciennes
60%
Autre ville chantée par Brel dans cette chanson, sous-préfecture du Cher. Vierzon
51%
Autre ville de la banlieue lyonnaise, lieu de rodéos urbains ayant initié la Politique de la Ville par François Mitterand. Vénissieux
48%
Ville du Calvados où l'andouille est fabriquée et associée à de la crème. Vire
45%
Autre ville de la banlieue lyonnaise, abritant le deuxième plus grand parc d'Europe. Vaulx-en-Velin
34%
Cinquième plus grande ville de la région parisienne, avoisinant les 100 000 habitants. Vitry-sur-Seine
34%
Ville nouvelle de l'agglomération lilloise. Villeneuve-d'Ascq
32%
Ville des Bouches-du-Rhône, au bord de l'étang de Berre. Vitrolles
22%
Ville de l'Aisne où a été signé un traité mettant la langue française en valeur par François 1er. Villers-Cotterêts
19%
Aucun quiz correspondant
Distribution des résultats
% des personnes avec chaque résultat
Percentile par nombre de réponses
Votre historique - résultats
Vous n’avez pas pris ce quiz